000 00485nam a2200169 a 4500
001 1017
003 CO-ViMGA
008 141112s2004 ck r 000 u spa d
040 _aCO-ViMGA
_bspa
_cCO-ViMGA
082 0 4 _a808.068 G747
100 1 _aGrissolle Gómez, Juan
_949037
245 1 0 _aLa creación literaria en los niños :
_bcomo estimular la creatividad
260 _aBogotá :
_bEcoe,
_c1991
300 _a293 p
650 1 4 _aLITERATURA INFANTIL - CREATIVIDAD
942 _2ddc
_cBK
999 _c13241
_d13241